Involvement - Forschung Motivation und Identifikation in der Verhaltenswissenschaftlichen Organizationstheorie

Guardado en:
Detalles Bibliográficos
Autor principal: Conrad, Peter
Formato: Libro
Lenguaje:alemán
Publicado: Berlin Gruyter 1988
Edición:1. Aufl.
Etiquetas: Agregar Etiqueta
Sin Etiquetas, Sea el primero en etiquetar este registro!

MARC

LEADER 00000nam a2200000 4500
001 c026015
005 20221219111043.5
041 0 |a ger 
044 |a DE 
245 1 0 |a Involvement - Forschung  |b Motivation und Identifikation in der Verhaltenswissenschaftlichen Organizationstheorie  |c Peter Conrad 
250 |a 1. Aufl. 
264 1 |a Berlin  |b Gruyter  |c 1988 
300 |a 483 s. 
100 1 |a Conrad, Peter